The Weeknd: Beauty Behind the Madness Trivia - Statistics

General Stats
  • This quiz has been taken 43 times
  • The average score is 8 of 10
Answer Stats
Hint Answer % Correct
"She asked me if I do this everyday, I said ___ Often
97%
"In the ___ she hears him calling." Night
94%
Most streamed song on album The Hills
94%
Final song on album Angel
86%
Number of tracks Fourteen
83%
"I don't wanna hurt you but you live for the ___" Pain
83%
6th track on album Acquainted
77%
First song on album Real Life
77%
"I'm a ___ to my addiction." Prisoner
74%
"She told me you'll never be ___" Alone
66%
No matching quizzes found
Score Distribution
Percent of People with Each Score
Percentile by Number Answered
Your Score History
You have not taken this quiz